La Perspectiva ecológica para una reforma universitaria /

Salvato in:
Dettagli Bibliografici
Autore principale: Gudynas, Eduardo
Natura: testo
Soggetti:
Tags: Aggiungi Tag
Nessun Tag, puoi essere il primo ad aggiungerne!!

MARC

LEADER 00000 a a2200000 04500
001 564
003
040
100 |a Gudynas, Eduardo  
245 |a La Perspectiva ecológica para una reforma universitaria /  |c Eduardo Gudynas 
650 |a MEDIO AMBIENTE  
650 |a ECOLOGIA  
650 |a EDUCACION SUPERIOR  
650 |a FINANCIAMIENTO  
650 |a REFORMAS DE LA EDUCACION  
773 |g número 58; páginas 1-6  
999 |c 36406  |d 36406